Vývoj zhodnocovacích procesov vo vybraných krajinách EÚ diplomová práca

Enregistré dans:
Détails bibliographiques
Auteur principal: Mikula, Peter
Collectivité auteur: Národohospodárska fakulta EU. Katedra hospodárskej politiky
Autres auteurs: Havettová, Miroslava
Format: Livre
Langue:slovaque
Publié: Bratislava 2012
Tags: Ajouter un tag
Pas de tags, Soyez le premier à ajouter un tag!

MARC

LEADER 00000nbm a2200000 4500
001 0153371
005 20161109102108.5
041 0 |a slo 
044 |a SK 
245 1 0 |a Vývoj zhodnocovacích procesov vo vybraných krajinách EÚ  |b diplomová práca  |c Peter Mikula ; školiteľ: Miroslava Luchava Havettová 
264 1 |a Bratislava  |c 2012 
300 |a 73 s. 
100 1 |a Mikula, Peter 
700 1 |a Havettová, Miroslava 
710 2 |a Národohospodárska fakulta EU. Katedra hospodárskej politiky